Auf welcher UKW-Frequenz empfängt man... ? - Statistiken

Allgemein
  • Dieses Quiz wurde 10 mal gespielt
  • Das Durchschnittsergebnis liegt bei 15 aus 24
Antwortstatistiken
Programm Stadt Frequenz % Korrekt
RTL Berlin 104.6
80%
NDR 2 Hamburg 87.6
80%
hr3 Wiesbaden 89.3
80%
SWR 3 Köln 94.8
80%
WDR 2 Essen 99.2
80%
WDR 4 Münster 100.0
70%
Radio ffn Bremen 102.3
70%
RTL Braunschweig 89.0
70%
r.s.2 Berlin 94.3
70%
Deutschlandfunk Frankfurt 98.7
70%
SWR 3 Frankfurt 101.1
60%
Antenne Bayern München 101.3
60%
Radio ffn Hannover 101.9
60%
Radio Regenbogen Mannheim 102.8
60%
RTL Leipzig 106.9
60%
MDR Jump Magdeburg 91.5
60%
SWR 3 Stuttgart 92.2
60%
RTL Saarbrücken 93.3
60%
Radio PSR Dresden 102.4
50%
RPR Eins Karlsruhe 103.6
50%
Ostseewelle Rostock 104.8
50%
Deutschlandfunk Berlin 97.7
50%
Bayern 3 Regensburg 99.6
40%
Ö3 Wien 99.9
30%
Keine übereinstimmenden Quizze gefunden
Verteilung der Resultate
Anzahl Personen mit jedem Resultat
Perzentil nach korrekt beantworteten Fragen
Ihre Resultats-Entwicklung
Sie haben dieses Quiz noch nicht gespielt